| 000 | 01155nam a2200313 a 4500 | ||
|---|---|---|---|
| 001 | 000116282 | ||
| 003 | CHAP | ||
| 005 | 20220329144609.0 | ||
| 008 | 191018s2019 mx a |sm |||||||spa d | ||
| 010 | _a112743 | ||
| 011 | _a113715 | ||
| 040 | _cCHAP | ||
| 090 | _aTesis | ||
| 100 | 1 |
_aLoaeza Joachin, Jorge. _9137105 |
|
| 245 | 1 | 0 |
_aEfecto de productos alternativos para el control de Fusarium oxysporum en jitomate bajo condiciones de invernadero _h[En línea] _cpor Jorge Loaeza Joachin. |
| 260 |
_aChapingo, Méx. : _bEl autor, _c2019. |
||
| 500 | _aPara ver el contenido del material haga clic en la liga | ||
| 502 | _aTesis (Ing. Agr. Esp. en Fitotecnia) -- UACH. Departamento de Fitotecnia | ||
| 590 |
_aBATCH-UPD _b05 _c20191018 _lUCH01 _h1509 |
||
| 590 |
_aE6339RRR _b05 _c20191018 _lUCH01 _h1508 |
||
| 590 |
_aE6339RRR _b05 _c20191018 _lUCH01 _h1508 |
||
| 650 | 1 | 4 |
_aFertilizantes biológicos. _940587 |
| 650 | 1 | 4 |
_aFusarium oxysporum _xControl. _9130783 |
| 650 | 1 | 4 |
_aTomate _xEnfermedades por hongos. _9113713 |
| 856 |
_aFinding aid _uhttp://10.13.5.2/tesis/sist116282.pdf _zTeclea aquí |
||
| 901 | _aBK | ||
| 942 | _cTESIS | ||
| 942 | _n0 | ||
| 999 |
_c112743 _d112743 |
||